| 000 | 01094nam a2200241 i 4500 | ||
|---|---|---|---|
| 001 | 189010 | ||
| 003 | ES-MaACL | ||
| 005 | 20240606193540.0 | ||
| 008 | 190320s2017 sp |||| | spa d | ||
| 245 | 0 | 3 |
_aEl Ateneo de Madrid y Cancioneros Musicales Españoles presentan _b: ¡Qué pícaro era Palacio! : domingo 9 de julio de 2017... Ateneo... / _cintérpretes, Aura Armónica, Ensemble La Danserye, Cuarteto Vihuelas de Arco ; coordinación musical, Aldo Cano Conesa. |
| 246 | 3 |
_aQué pícaro era Palacio _b: [programa] |
|
| 260 |
_a[Madrid : _bAteneo de Madrid : _bAsociación Cultural More Hispano, _c2017] |
||
| 300 |
_a[12] p. ; _c21 cm. |
||
| 594 | _aPrograma del concierto celebrado en el Ateneo de Madrid, el domingo 9 de julio de 2017, a las 19:00 horas. | ||
| 610 | 2 | 4 |
_aAteneo de Madrid- _xConciertos- _yS.XXI. _9170898 |
| 650 | 4 |
_aMúsica- _xProgramas. _9170037 |
|
| 710 | 2 |
_aAteneo de Madrid. _91875 |
|
| 710 | 2 |
_aAsociación Cultural More Hispano. _9166629 |
|
| 852 |
_aES-MaACL _j2338-F-16 |
||
| 852 |
_aES-MaACL _j2338-F-17 |
||
| 942 | _2udc | ||
| 999 |
_c189010 _d189010 |
||